000 00418nam a2200181Ia 4500
001 10302
005 20260306161822.0
008 260306t1953||||xx |||||||||||||| ||spa||
041 _aESP
082 _a918.5
_bC68
100 _aClark, Leonard
_eAUT
245 4 _aThe rivers ran east
260 _c1953
300 _axviii, 366 páginas :
_c23 cm.
650 _aGEN
654 _aCHU
942 _cLIB
_dJUS
_fJUS
_2ddc
_n
999 _c10302
_d10302